Pengurusan masa (Record no. 135174)

MARC details
000 -LEADER
fixed length control field 00807nam a2200265 i 4500
001 - CONTROL NUMBER
control field C2-0337521
003 - CONTROL NUMBER IDENTIFIER
control field PPAK
005 - DATE AND TIME OF LATEST TRANSACTION
control field 20180728140247.0
008 - FIXED-LENGTH DATA ELEMENTS--GENERAL INFORMATION
fixed length control field 160824s2016 my a|||| ||||| | may d
020 ## - INTERNATIONAL STANDARD BOOK NUMBER
International Standard Book Number 9789670947266
040 ## - CATALOGING SOURCE
Original cataloging agency PPAK
Language of cataloging eng
Transcribing agency PPAK
Description conventions rda
082 04 - DEWEY DECIMAL CLASSIFICATION NUMBER
Classification number 371.4
Edition number 23
090 00 - LOCALLY ASSIGNED LC-TYPE CALL NUMBER (OCLC); LOCAL CALL NUMBER (RLIN)
Classification number (OCLC) (R) ; Classification number, CALL (RLIN) (NR) 371.4
Feature heading AKI
Feature heading K
100 0# - MAIN ENTRY--PERSONAL NAME
Personal name Akip Basri,
Relator term author
245 10 - TITLE STATEMENT
Title Pengurusan masa
264 #1 - PRODUCTION, PUBLICATION, DISTRIBUTION, MANUFACTURE, AND COPYRIGHT NOTICE
Place of production, publication, distribution, manufacture Kuala Lumpur :
Name of producer, publisher, distributor, manufacturer Semarak Murni Enterprise ,
Date of production, publication, distribution, manufacture, or copyright notice 2016
300 ## - PHYSICAL DESCRIPTION
Extent 46 pages :
Other physical details illustrations ;
Dimensions 23 cm
336 ## - CONTENT TYPE
Source rdacontent
Content type term text
337 ## - MEDIA TYPE
Source rdamedia
Media type term unmediated
338 ## - CARRIER TYPE
Source rdacarrier
Carrier type term volume
490 1# - SERIES STATEMENT
Series statement Siri kaunseling pembina sahsiah
650 10 - SUBJECT ADDED ENTRY--TOPICAL TERM
Topical term or geographic name entry element Educational counseling - Juvenile literature. ; Peer counseling of students.
830 #0 - SERIES ADDED ENTRY--UNIFORM TITLE
Uniform title Siri kaunseling pembina sahsiah
942 ## - ADDED ENTRY ELEMENTS (KOHA)
-- dc
Koha item type Book
Holdings
Withdrawn Not for loan Current library Shelving location Date acquired Full call number Barcode Date last seen Koha item type Total Checkouts Date last checked out
    Perpustakaan Alor Setar Pinjaman Kanak-kanak 24/08/2016 K 371.4 AKI A01477344 09/05/2018 Book    
    Perpustakaan Awam Sungai Petani Pinjaman Kanak-kanak 24/08/2016 K 371.4 AKI A01477345 17/08/2020 Book 1 26/07/2020
    Perpustakaan Jitra Pinjaman Kanak-kanak 24/08/2016 K 371.4 AKI A01477346 09/05/2018 Book    
    PD01, Kg. Bendang Raja, Kuala Nerang Pinjaman Kanak-kanak 25/09/2016 K 371.4 AKI A01479065 09/05/2018 Book    
    PD02, Kg. Banggol Besi, Pendang Pinjaman Kanak-kanak 25/09/2016 K 371.4 AKI A01479062 09/05/2018 Book    
    PD03, Kg. Pulau Pisang, Jitra Pinjaman Kanak-kanak 25/09/2016 K 371.4 AKI A01479067 09/05/2018 Book    
    PD18, Kg. Wang Tepus, Jitra Pinjaman Kanak-kanak 25/09/2016 K 371.4 AKI A01479064 09/05/2018 Book    
    PD20, Felda Lubuk Merbau, Pendang Pinjaman Kanak-kanak 25/09/2016 K 371.4 AKI A01479063 09/05/2018 Book    
    PD27, Kg. Bendang Bukit, Pendang Pinjaman Kanak-kanak 25/09/2016 K 371.4 AKI A01479066 09/05/2018 Book    
    PD34, Kg. Pantai Prai Pinjaman Kanak-kanak 25/09/2016 K 371.4 AKI A01479061 09/05/2018 Book